Kybernetische Grundlagen der Padagogik : eine Einfuhrung in die Padagogistik fur Analytiker, Planer und Techniker des didaktischen Informationsumsatzes in der Industriegesellschaft
Αποθηκεύτηκε σε:
| Κύριος συγγραφέας: | |
|---|---|
| Μορφή: | Βιβλίο |
| Γλώσσα: | German |
| Δημοσίευση: |
Baden-Baden :
Agis-Verlag,
c 1969
|
| Έκδοση: | 2nd ed. |
| Θέματα: | |
| Ετικέτες: |
Προσθήκη ετικέτας
Δεν υπάρχουν, Καταχωρήστε ετικέτα πρώτοι!
|
MARC
| LEADER | 00000nam a2200000 i 4500 | ||
|---|---|---|---|
| 001 | 1/70551 | ||
| 008 | 960716s1969 ger d | ||
| 035 | |a 1988 |b 2 |c Ανθουλιάς |l 10030684 | ||
| 040 | |a GR-MY-UA |b gre |e aacr | ||
| 041 | 0 | |a ger | |
| 082 | 0 | |a 370.72 | |
| 100 | 1 | |a Frank, Helmar G. |d 1933- | |
| 245 | 1 | 0 | |a Kybernetische Grundlagen der Padagogik : |b eine Einfuhrung in die Padagogistik fur Analytiker, Planer und Techniker des didaktischen Informationsumsatzes in der Industriegesellschaft / |c von Helmar G. Frank |
| 250 | |a 2nd ed. | ||
| 260 | |a Baden-Baden : |b Agis-Verlag, |c c 1969 | ||
| 300 | |a 2 vol. | ||
| 505 | 0 | |a v.2: Angewandte kybernetische Paedagogik und Ideologie | |
| 650 | 0 | 0 | |a Information theory in psychology. |
| 650 | 0 | 0 | |a Education |x Research. |
| 740 | 0 | 2 | |a Angewandte kybernetische Paedagogik und Ideologie |
| 852 | |a INST |b RHODES |e 19960716 |h 370.72 FRA |p 005400008981 |q 005400008981 |t BK |y 0 |z v.2 | ||
| 852 | |a INST |b RHODES |e 19960716 |h 370.72 FRA |p 005400008981 |q 005400008981 |t BK |v v.2: |y 0 |z v.2 | ||
| 853 | |a INST |b RHODES |h 370.72 FRA | ||
| 909 | |a Ρ |b 011720 |c 1988 | ||